• 首页
  • 本馆介绍
  • 公告通知
  • 最新文献
  • 馆藏检索
  • 电子资源
  • 读者导购
  • 参考咨询
  • 我的图书馆
  • 登录
  • 详细信息显示
  • 放入我的书架
  • 预约/预借图书
  • 作者相关作品
  • 分类相关作品
  • 丛书相关作品
  • 出版社相关作品

书目信息

  • 表格格式
  • 工作单格式
  • 卡片格式
题名:
建筑CAD
    
 
作者: 赖文辉 主编
分册:  
出版信息: 重庆   重庆大学出版社  2004
页数: 211页
开本: 26cm
丛书名:
单 册:
中图分类: TU204-39
科图分类:
主题词: 建筑制图--绘图软件--高等教育--教材
电子资源:
ISBN: 7-5624-3256-2
000 00875nam0 2200253---450-
001 0101089857
005 20050705133300.0
010    @a7-5624-3256-2@dCNY18.50
011    @a7-5624-3256-2
100    @a20050104d2004 em y0chiy0120 ea
101 0  @achi
102    @aCN@b500000
105    @ay z 000yy
106    @ar
200 1  @a建筑CAD@9Jian Zhu C A D @f赖文辉主编@b专著
210    @a重庆@c重庆大学出版社@d2004
215    @a211页@d26cm
300    @a高职高专建筑工程系列教材
330    @a本书介绍了AutoCAD基础知识、常用绘图命令、绘图辅助工具、基本编辑命令、图层、对象特性及选项设置,图案填充、块与外部参照、创建及编辑文本,尺寸标注、图纸布局与打印输出、建筑绘图范例等内容。
606 0  @a建筑制图@x绘图软件@x高等教育@j教材
690    @aTU204-39@v4
701  0 @a赖文辉@4主编@9lai wen hui
801  0 @aCN@bAZmarc@c20230831
905    @aBZT@dTU204-39@e1@f5@sTU204-39/1
    
    建筑CAD/赖文辉主编.-重庆:重庆大学出版社,2004
    211页;26cm
    高职高专建筑工程系列教材
    
    ISBN 7-5624-3256-2:CNY18.50
    本书介绍了AutoCAD基础知识、常用绘图命令、绘图辅助工具、基本编辑命令、图层、对象特性及选项设置,图案填充、块与外部参照、创建及编辑文本,尺寸标注、图纸布局与打印输出、建筑绘图范例等内容。
●
相关链接 在五车中查询图书 在当当中查询图书 在豆瓣中查询图书


正题名:建筑CAD     索取号:TU204-39/1         预约/预借

序号 登录号 条形码 馆藏地/架位号 状态 备注
1 2000015511   2000015511   旧书回溯/ [索取号:TU204-39/1] 在馆    
2 2000060361   2000060361   旧书回溯/ [索取号:TU204-39/1] 在馆    
3 2000060362   2000060362   旧书回溯/ [索取号:TU204-39/1] 在馆    
4 2000060376   2000060376   旧书回溯/ [索取号:TU204-39/1] 在馆    
5 2000060377   2000060377   旧书回溯/ [索取号:TU204-39/1] 在馆    
山东省滨州职业学院图书馆 欢迎您!
大连网信软件有限公司© 版权所有